000 00482nam a22001697a 4500
005 20240108094737.0
008 220209b ||||| |||| 00| 0 eng d
020 _a978-93-87686-03-8
041 _aeng
082 _a612
100 _aAGARKAR, DR. P.H ,KULKARNI ,Dr. Y.A , MAHESHWARI Dr.V.L AND SURANA Dr.S..J
_98266
245 _aA PRACTICAL BOOK OF BIOCHEMISTRY [SEM-II]
260 _aPUNE
_bNIRALI PRAKASHAN
300 _a5.17;p
650 _aPHARMACY
_xB.PHARMA
942 _cBK
999 _c7877
_d7875